000 00328nam a2200121Ia 4500
008 220120s9999||||xx |||||||||||||| ||und||
082 _a823 ENC
100 _aEnchi, Fumiko
_911950
245 4 _athe waiting years
260 _aKodansha International
_bNew Delhi
_c2002
300 _b540
650 _aINSTRUMENT AND MEASURMENTATION
999 _c137493
_d137493